01783nam a2200349Ia 450000500170000000800410001702000180005805000210007608200170009710000280011424000380014224501400018026000310032030000180035150000620036950400330043151900950046465000180055965000170057765000140059470000330060870000260064194200120066795201140067995201150079395201220090895201070103095200930113795200930123095200930132399900170141620231102150929.0120626s1981 sp r 000 0 spa d a978842541205904aBF637.C45bW3718 a302.2bW351t1 aWatzlawick, Pauleautor aPragmatics of Human Communication10aTeoría de la comunicación humana b: interacciones, patologías y paradojascPaul Watzlawick, Janet Beavin Bavelas, Don D. Jackson aEspañab: Herderc, 1981 a262 páginas aReimpresiones: 2008, 2012 Incluye: glosario (pp. 249-252) abibliografía (pp. 253-262) aMaterial Complementario /bCiencias de la Comunción /d(01 008978, 01 008979, 01 014281)14aINTERACCIONES14aPATOLOGÍAS14aPARADOJAS1 aBeavin Bavelas, Janeteautor1 aJackson D. Doneautor cLB2lcc 00104070a07b07d2011-09-27l1oBF637.C45 W3718 1981p07 002105r2024-01-20s2023-09-25t1w2012-06-26yLB 00102lcc4070a09b09d2013-05-21l1oBF637.C45 W3718p09 004425r2014-09-22s2014-09-22t1w2013-05-21yLB 00102lcc4070a21b21d2013-09-02l6m3oBF637.C45 W3718 1981p21 002034r2018-05-11s2018-05-11t1w2013-09-02yLB 00102lcc4070a12b12d2017-05-26l0oBF637.C45 W3718 1981p12 004237r2017-05-26t1w2017-05-26yLB 00104070a01b01d2018-03-09l0o302.2 W351tp01 008978r2018-03-09t1w2018-03-09yLB 00104070a01b01d2018-03-09l0o302.2 W351tp01 008979r2018-03-09t2w2018-03-09yLB 00104070a01b01d2018-03-09l0o302.2 W351tp01 014281r2018-03-09t3w2018-03-09yLB c67128d67128